Somos igualitos / (Registro nro. 16056)

000 -CABECERA
campo de control de longitud fija 01730nam a22003617a 4500
003 - IDENTIFICADOR DEL NÚMERO DE CONTROL
campo de control OSt
005 - FECHA Y HORA DE LA ÚLTIMA TRANSACCIÓN
campo de control 20251215150828.0
008 - DATOS DE LONGITUD FIJA--INFORMACIÓN GENERAL
campo de control de longitud fija 251215b ||||| |||| 00| 0 spa d
020 ## - NÚMERO INTERNACIONAL ESTÁNDAR DEL LIBRO
Número Internacional Estándar del Libro 9789585463844
040 ## - FUENTE DE LA CATALOGACIÓN
Centro/agencia transcriptor CO-Mq BPB
041 0# - CÓDIGO DE LENGUA
Código de lengua del texto/banda sonora o título independiente spa
043 ## - CÓDIGO DE ÁREA GEOGRÁFICA
Código de área geográfica s-ck---
084 ## - OTRO NÚMERO DE CLASIFICACIÓN
Número de clasificación C
Número de documento/Ítem RESs
100 1# - ENTRADA PRINCIPAL--NOMBRE DE PERSONA
Nombre de persona Restrepo Rivas, Juan Carlos,
Fechas asociadas al nombre 1962- ,
Término indicativo de función/relación aut
9 (RLIN) 210312
245 10 - MENCIÓN DE TÍTULO
Título Somos igualitos /
Mención de responsabilidad, etc. Juan Carlos Restrepo Rivas ; ilustraciones de Manuela Correa Upegui.
250 ## - MENCIÓN DE EDICIÓN
Mención de edición Edición especial
264 #1 - PRODUCCIÓN, PUBLICACIÓN, DISTRIBUCIÓN, FABRICACIÓN Y COPYRIGHT
Producción, publicación, distribución, fabricación y copyright Medellín, Colombia :
Nombre del de productor, editor, distribuidor, fabricante Tragaluz Editores,
Fecha de producción, publicación, distribución, fabricación o copyright 2024
300 ## - DESCRIPCIÓN FÍSICA
Extensión 46 páginas sin numerar :
Otras características físicas ilustraciones a color, tapa rustica;
Dimensiones 21 cm
336 ## - TIPO DE CONTENIDO
Término de tipo de contenido texto
Código de tipo de contenido txt
Fuente rdacontenido
337 ## - TIPO DE MEDIO
Nombre/término del tipo de medio sin mediación
Código del tipo de medio n
Fuente rdamedio
338 ## - TIPO DE SOPORTE
Nombre/término del tipo de soporte volumen
Código del tipo de soporte nc
Fuente rdasoporte
520 ## - SUMARIO, ETC.
Sumario, etc. La rana Liza y el perroespín Serafín tienen una cosa en común: algo les pica y no los deja en paz. Después de darse cuenta de que en eso son igualitos, deciden enfrentar esa realidad que los incomoda. Una historia sobre el alivio de mirarse a sí mismo y reconocerse en la propia piel.
Identificador Uniforme del Recurso <a href="https://casatragaluz.com/libro/somos-igualitos/">https://casatragaluz.com/libro/somos-igualitos/</a>
521 ## - NOTA DE PÚBLICO DESTINATARIO
Nota de público destinatario Recomendado para un público infantil a partir de los 6 años
545 ## - DATOS BIOGRÁFICOS O HISTÓRICOS
Datos biográficos o históricos Incluye datos biográficos del autor e ilustradora
650 17 - PUNTO DE ACCESO ADICIONAL DE MATERIA--TÉRMINO DE MATERIA
Término de materia o nombre geográfico como elemento de entrada Autofecundación en la literatura
Fuente del encabezamiento o término rnbp
9 (RLIN) 273448
650 17 - PUNTO DE ACCESO ADICIONAL DE MATERIA--TÉRMINO DE MATERIA
Término de materia o nombre geográfico como elemento de entrada Cuentos infantiles colombianos
Subdivisión cronológica Siglo XX
Fuente del encabezamiento o término rnbp
9 (RLIN) 576
650 17 - PUNTO DE ACCESO ADICIONAL DE MATERIA--TÉRMINO DE MATERIA
Término de materia o nombre geográfico como elemento de entrada Empatía en niños en la literatura
Fuente del encabezamiento o término rnbp
9 (RLIN) 291912
650 17 - PUNTO DE ACCESO ADICIONAL DE MATERIA--TÉRMINO DE MATERIA
Término de materia o nombre geográfico como elemento de entrada Libros ilustrados para niños
Fuente del encabezamiento o término rnbp
9 (RLIN) 16
650 17 - PUNTO DE ACCESO ADICIONAL DE MATERIA--TÉRMINO DE MATERIA
Término de materia o nombre geográfico como elemento de entrada Problemas sociales en la literatura
Fuente del encabezamiento o término rnbp
9 (RLIN) 87921
650 17 - PUNTO DE ACCESO ADICIONAL DE MATERIA--TÉRMINO DE MATERIA
Término de materia o nombre geográfico como elemento de entrada Literatura infantil colombiana
Subdivisión cronológica Siglo XX
Fuente del encabezamiento o término rnbp
9 (RLIN) 111975
700 10 - PUNTO DE ACCESO ADICIONAL--NOMBRE DE PERSONA
Nombre de persona Correa Upegui, Manuela,
Fechas asociadas al nombre 1981-
Término indicativo de función/relación ill
9 (RLIN) 111066
942 ## - ELEMENTOS DE PUNTO DE ACCESO ADICIONAL (KOHA)
Tipo de ítem Koha Libro Literatura
Existencias
Estado de retiro Estado de pérdida Fuente del sistema de clasificación o colocación Estado dañado No para préstamo Código de colección Localización permanente Ubicación/localización actual Ubicación en estantería Fecha de adquisición Fuente de adquisición Número de inventario Total de préstamos Signatura topográfica completa Código de barras Fecha visto por última vez Número de copia Precio válido a partir de Tipo de ítem Koha Nota pública
          Literatura Infantil Biblioteca Pública San Juan Bosco Biblioteca Pública San Juan Bosco Literatura 15/12/2025 Donación Min. Cultura 2025 NT   C RESs MOS504497 10/03/2026 Ej.1 15/12/2025 Libro Literatura Quince dias

© Todos los derechos reservados para la Biblioteca Pública Municipal San Juan Bosco, 2020
Secretaria de Cultura de Mosquera
Carrera 3 N° 10 Esquina Centro Cultural Barrio El Carmén Teléfono: 8270830 Ext: 34
Funcionando con KOHA
Contacto: Biblioteca Pública Municipal San Juan Bosco/ bibliotecasanjuanbosco@mosquera-cundinamarca.gov.co
Mosquera, Cundinamarca